Design and operating guide for aquaculture seawater systems

Saved in:
Bibliografiske detaljer
Main Authors: Huguenin, John E (Author), Colt, John (Author)
Format: Bog
Sprog:engelsk
Udgivet: Amsterdam Elsevier 1989
Serier:Developments in aquaculture and Fisheries science, 20
Fag:
Tags: Tilføj Tag
Ingen Tags, Vær først til at tagge denne postø!

MARC

LEADER 00000nam a2200000 a 4500
001 UCV4884
003 CL-VaPUC
008 900904e19890000NE |||||||||||||||||eng|d
082 0 4 |a 639.32  |b HUG  |2 21 
100 0 |a Huguenin, John E  |e author  |9 299058 
700 0 |a Colt, John  |e author  |9 299059 
245 1 0 |a Design and operating guide for aquaculture seawater systems 
300 |a 264 p 
942 |c BK 
945 |d 19900904 00:00:00 
260 |a Amsterdam  |b Elsevier  |c 1989 
650 0 |a Acuicultura marina  |9 261222 
583 |a last modification  |c 19900904 00:00:00  |k Rodrigo Vera 
490 0 |a Developments in aquaculture and Fisheries science, 20 
999 |c 211524  |d 211522 
952 |0 0  |1 0  |4 0  |6 639_320000000000000_HUG_1989  |7 0  |8 CCM  |9 191037  |a BIBCUR  |b BIBCUR  |d 2019-11-14  |i 2586983  |o 639.32 HUG 1989  |p 2586983  |r 2025-04-22  |w 2019-11-14  |y BK_R  |k CIM